| 000 | 01503nam0a2200349 4500 | ||
|---|---|---|---|
| 001 | RU\NLR\bibl\72353 | ||
| 005 | 20260406124210.0 | ||
| 010 |
_a5-8393-0013-6 _950000 |
||
| 021 |
_aRU _b1999-41712 _92053 |
||
| 035 | _a(NLR Aleph) 000070602 | ||
| 090 |
_a389112 _c389112 |
||
| 100 | _a20000225d1999 |||y0rusy50 ca | ||
| 101 | 0 | _arus | |
| 102 | _aRU | ||
| 105 | _aa ||||||||| | ||
| 200 | 1 |
_aТригонометрия _eУчеб. пособие для учащихся ст. классов общеобразоват. шк. _fА.Г. Мордкович, Е.Е. Тульчинская |
|
| 210 |
_aМ _cНовый учеб. _cМоск.учеб. _d1999 |
||
| 215 |
_a224 с. _cил. _d21 |
||
| 225 | 1 | _aМатематика | |
| 320 | _aБиблиогр. в предисл. | ||
| 606 | 0 |
_aТригонометрия _jРуководства, пособия и т.п. для средней школы _91382295 _3RU\NLR\auth\66266654 |
|
| 606 | 0 |
_aТригонометрия _jУчебные издания для средней школы _91382295 _3RU\NLR\auth\66266654 |
|
| 686 | _aВ181.12я721-1 | ||
| 700 | 1 |
_4070 _8rus _7ca _aМордкович _bА. Г. _f1940- _gАлександр Григорьевич _3RU\NLR\auth\77983 _9111018 |
|
| 701 | 1 |
_aТульчинская _bЕ. Е. _gЕлена Ефимовна _4070 |
|
| 801 | 0 |
_aRU _bNLR _c20000225 _gPSBO |
|
| 801 | 1 |
_aRU _bNLR _c20000225 |
|
| 830 | _aАвт. по кн. | ||
| 852 |
_aNLR _j99-5/5038 |
||
| 942 | _cBOOK | ||
| 980 | _aNB | ||